Archaeology and Geology of Ancient Egyptian Stones

محفوظ في:

المؤلف الرئيسي: James A. Harrell

التنسيق: كتاب

اللغة: Undetermined

الوصول للمادة أونلاين: Login to view Source

الوسوم: إضافة وسم

لا توجد وسوم, كن أول من يضع وسما على هذه التسجيلة!

رقم الطلب:

LEADER 00450nmm a2200133Ia 4500
008 240716s9999||||xx |||||||||||||||||und||
020 |a 9781803275819 
020 |a 9781803275826 
100 |a James A. Harrell 
245 1 0 |a Archaeology and Geology of Ancient Egyptian Stones  |c James A. Harrell 
264 |b Archaeopress Archaeology  |c 2-مايو-24 
856 4 0 |u http://library.arce.org:8087/Archaeopress/Products/9781803275819 
942 |2 lcc  |c EBOOK 
999 |c 58936  |d 58936